01672nam a2200529 i 450000100060000000300090000600500170001500800410003201500190007302000150009203500230010703500360013003500140016603500210018003500170020103500230021803500440024104000380028504600090032308000120033208000140034408000160035810000380037424500730041226000520048530000260053733600270056333700540059033800280064438000160067238800140068838800140070249000170071664800190073364800190075264800190077164800190079065000330080965000420084265100110088465100110089565500350090665800370094171000370097883000290101585600980104436424KOSZ 00520240405063115.0160927s1999 pl f |000 0 pol  aUWD 2016/36529 a8388114484 a991050664719705066 a(PL-WaBN)b52970796-48omnis_nlop ab52970796 a(OCoLC)749237232 azz2007828430 a(PL)b0000005297079 a(EXLNZ-48OMNIS_NETWORK)9910471641205606 aWA NcWA NdLUBL KULdKOSZ 005/HR k1999 a(075.8) a342.25(4) a342.25(438)1 aDolnicki, Bogdand(1956- )eAutor10aSamorząd terytorialny :bzagadnienia ustrojowe /cBogdan Dolnicki. aKraków :bKantor Wydawniczy Zakamycze,c1999. a237, [1] s. ;c24 cm. aTekstbtxt2rdacontent aBez urządzenia pośredniczącegobn2rdamedia aWoluminbnc2rdacarrier aKsiążki a1901-2000 a1989-20001 aPodręcznik 7a1901-20002DBN 7a1918-19392DBN 7a1945-19892DBN 7a1989-20002DBN 7aSamorząd terytorialny2DBN 7aPrawo samorządu terytorialnego2DBN 7aEuropa 7aPolska 7aPodręczniki akademickie2DBN aPrawo i wymiar sprawiedliwości2 aKantor Wydawniczy Zakamycze4pbl 0aPodręcznik - Zakamycze uhttp://koha.tu.koszalin.pl/cgi-bin/koha/opac-detail.pl?biblionumber=36424yKatalog online BPK